[Event "UZB-ch Women 2020"]
[Site "Tashkent"]
[Date "2020.03.14"]
[Round "3.1"]
[White "Yakubbaeva, Nilufar"]
[Black "Khamdamova, Afruza"]
[Result "1-0"]
[WhiteElo "2265"]
[BlackElo "1809"]
[Annotator "TA"]
[PlyCount "97"]
[EventDate "2020.03.11"]
[EventType "tourn"]
[EventCountry "UZB"]
[SourceTitle "playchess.com"]
[Source "ChessBase"]
[SourceQuality "1"]

{[%evp 9,97,-8,5,-23,4,-14,0,0,0,0,0,0,0,0,19,9,11,0,18,7,21,0,0,0,0,-6,13,-49,-43,-52,-29,-29,-29,-40,-8,-8,0,-3,0,0,0,0,11,0,0,0,0,0,0,0,0,0,57,37,47,69,55,55,71,72,66,68,74,39,54,42,96,101,87,102,136,107,157,157,618,694,697,671,1637,1644,1397,1380,12838,12839,12839,12839,12840,12840,12841,12839]} 1. d4 Nf6 2. Nc3 d5 3. Bf4 e6 4. a3 Be7 5. e3 O-O 6. Nf3 {D00: 1 d4 d5: Unusual lines.} b6 7. Bd3 Bb7 {[#]} 8. Nb5 $146 {The position is equal.} ({Predecessor:} 8. Ne5 Nbd7 9. Nxd7 Qxd7 10. O-O c5 11. dxc5 bxc5 12. Bb5 Bc6 13. Bxc6 Qxc6 14. Be5 {0-1 (43) Saldana Estribi,A-Luna Velandia,K (1234) Medellin 2019}) 8... Na6 9. c4 c6 {...dxc4 is the strong threat.} 10. Nc3 c5 11. cxd5 exd5 12. O-O Nc7 13. h3 a6 14. Bc2 c4 15. Ne5 b5 16. Qf3 Ne6 17. Rfe1 Nxf4 (17... Bd6 {seems wilder.} 18. Bg3 Ng5 19. Qf5 Nge4 20. Nxe4 Nxe4 21. Bf4 Qe7) 18. Qxf4 (18. exf4 $11 Qd6 19. h4) 18... Bd6 $15 19. e4 dxe4 20. Nxe4 Nxe4 21. Bxe4 Bxe4 22. Qxe4 Re8 23. Qf3 Qc7 24. Nc6 h6 25. a4 Rxe1+ 26. Rxe1 {Strongly threatening Ne7+!} Rc8 27. d5 Qd7 28. Qe4 Bf8 29. g3 g6 30. Kg2 Kh7 (30... Bc5 $11) 31. h4 Bg7 32. h5 Qd6 33. Re2 Rc7 34. f4 {Threatens to win with f5.} Qf6 35. a5 $36 {[%mdl 2048] Black is under pressure.} Rd7 36. g4 Rd6 37. Rf2 Bf8 {[#]} ({Black should play} 37... Rd7 $14) 38. hxg6+ $1 $16 Qxg6 {[#]} 39. Kf3 $1 Qxe4+ 40. Kxe4 {[%mdl 4096] Endgame KRB-KRN} Kg6 41. g5 {Hoping for Ne5+.} hxg5 $2 {This costs Black the game.} (41... Kg7 $16 42. Nd4 Rg6) 42. Ne5+ $18 {White is clearly winning.} Kg7 {With the idea ...Rf6.} 43. fxg5 f6 44. gxf6+ Rxf6 45. Rg2+ Kh7 46. Nd7 Rf7 47. Nxf8+ Rxf8 48. d6 Rd8 49. Kd5 {Accuracy: White = 91%, Black = 72%.} 1-0

[Event "UZB-ch Women 2020"]
[Site "Tashkent"]
[Date "2020.03.14"]
[Round "3.2"]
[White "Abdusattorova, Bakhora"]
[Black "Narzikulova, Gulhae"]
[Result "1-0"]
[WhiteElo "2094"]
[BlackElo "1837"]
[Annotator "TA"]
[PlyCount "65"]
[EventDate "2020.03.11"]
[EventType "tourn"]
[EventCountry "UZB"]
[SourceTitle "playchess.com"]
[Source "ChessBase"]
[SourceQuality "1"]

{[%evp 15,65,18,10,0,14,4,21,21,28,26,47,41,58,57,55,22,67,64,95,0,10,3,12,5,4,0,0,0,0,0,0,0,41,41,25,37,42,58,66,73,77,24,162,128,160,102,968,432,432,432,417,416]} 1. d4 Nf6 2. c4 c5 3. Nf3 cxd4 4. Nxd4 e6 5. g3 d5 6. Bg2 e5 7. Nf3 d4 8. O-O Nc6 9. a3 {E01: Catalan: Early deviations.} a5 10. e3 Bg4 {[#]} 11. h3 $146 {The position is equal.} ({Predecessor:} 11. Qb3 Qd7 12. exd4 exd4 13. Re1+ Be7 14. Ne5 Nxe5 15. Rxe5 O-O 16. c5 Rac8 17. Qb6 {0-1 (46) Svana,P (2230)-Plachetka,J (2368) Slovakia 2014}) 11... Bxf3 12. Bxf3 e4 13. Bg2 Bc5 14. exd4 Bxd4 15. Qb3 Qe7 16. Nc3 O-O 17. Nb5 (17. Nd5 $16 Qd7 18. Rd1) 17... Qc5 18. Bf4 {[#] aiming for Bd6.} Rad8 19. Rad1 Rd7 20. Kh2 Rfd8 21. Nxd4 Nxd4 22. Qa4 Qh5 23. Kh1 Ne6 {[%cal Rd7d1]} 24. Rxd7 Rxd7 25. Be3 g6 26. b4 axb4 27. axb4 Qe2 28. c5 (28. Rc1 $16) 28... Rc7 (28... Rd8 $11 {and Black is okay.}) 29. Rd1 Rc6 30. b5 ({Better is} 30. Bf1 Qh5 31. Qa8+ Kg7 32. Qa1) 30... Nxc5 $2 {[%mdl 8192] [#]} (30... Rxc5 $16 31. Bxc5 Nxc5) 31. Qa8+ (31. Rd8+ $142 Kg7 32. Qb4) 31... Kg7 $18 32. bxc6 Qxd1+ 33. Kh2 {Accuracy: White = 73%, Black = 55%.} 1-0

[Event "UZB-ch Women 2020"]
[Site "Tashkent"]
[Date "2020.03.14"]
[Round "3.3"]
[White "Omonova, Umida"]
[Black "Saparova, Sitora"]
[Result "1-0"]
[WhiteElo "1852"]
[BlackElo "1972"]
[Annotator "RC"]
[PlyCount "73"]
[EventDate "2020.03.11"]
[EventType "tourn"]
[EventCountry "UZB"]
[SourceTitle "playchess.com"]
[Source "ChessBase"]
[SourceQuality "1"]
[TimeControl "5400+30"]

1. e4 {[%emt 0:00:00]} g6 {[%emt 0:01:33]} 2. d4 {[%emt 0:00:11]} Bg7 {[%emt 0:00:15]} 3. Nf3 {[%emt 0:00:20]} d6 {[%emt 0:01:00]} 4. Be2 {[%emt 0:00:16]} Nf6 {[%emt 0:00:36]} 5. Nc3 {[%emt 0:00:15]} O-O {[%emt 0:00:42]} 6. O-O {[%emt 0:00:40]} Nbd7 {[%emt 0:00:23]} 7. e5 {[%emt 0:01:04]} Ne8 {[%emt 0:02:30]} 8. Bf4 {[%emt 0:01:09]} c6 {[%emt 0:04:59]} 9. Re1 {[%emt 0:02:00]} Qa5 {[%emt 0:02:01]} 10. Bf1 {[%emt 0:06:51]} d5 {[%emt 0:08:04]} 11. Qd2 {[%emt 0:11:44]} Nc7 {[%emt 0:03:57]} 12. Nxd5 {[%emt 0:04:47]} Qxd5 {[%emt 0:08:23]} 13. c4 {[%emt 0:00:30]} Qe6 {[%emt 0:00:45]} 14. Ng5 {[%emt 0:00:16]} Qf5 {[%emt 0:00:37]} 15. Bd3 {[%emt 0:00:50]} Qg4 {[%emt 0:01:18]} 16. Be2 {[%emt 0:02:54]} Qh4 {[%emt 0:02:55]} 17. g3 {[%emt 0:00:58]} Qh6 {[%emt 0:01:45]} 18. h4 {[%emt 0:02:19]} f6 {[%emt 0:04:26]} 19. exf6 {[%emt 0:05:46]} Nxf6 {[%emt 0:10:24]} 20. Bxc7 {[%emt 0:07:05]} Nh5 {[%emt 0:04:50]} 21. c5 {[%emt 0:02:00]} Nf6 {[%emt 0:06:01]} 22. Bc4+ {[%emt 0:10:41]} Nd5 {[%emt 0:00:58]} 23. Rxe7 {[%emt 0:02:26]} Bf6 {[%emt 0:04:34]} 24. Rae1 {[%emt 0:01:26]} Qh5 {[%emt 0:04:59]} 25. Re8 {[%emt 0:03:10]} Bf5 {[%emt 0:02:36]} 26. Rxa8 {[%emt 0:00:49]} Rxa8 {[%emt 0:00:28]} 27. Be5 {[%emt 0:04:18]} Bd8 {[%emt 0:01:48]} 28. Ne4 {[%emt 0:02:40]} Be7 {[%emt 0:03:00]} 29. Nf6+ {[%emt 0:01:17]} Bxf6 {[%emt 0:00:45]} 30. Bxf6 {[%emt 0:00:01]} h6 {[%emt 0:02:33]} 31. Re7 {[%emt 0:01:45]} Rf8 {[%emt 0:01:01]} 32. Bxd5+ {[%emt 0:01:01]} cxd5 {[%emt 0:00:40]} 33. Rg7+ {[%emt 0:01:33]} Kh8 {[%emt 0:00:34]} 34. Be5 {[%emt 0:00:10]} Be4 {[%emt 0:01:27]} 35. Rxg6+ {[%emt 0:00:10]} Kh7 {[%emt 0:00:20]} 36. Rg7+ {[%emt 0:00:07]} Kh8 {[%emt 0:01:02]} 37. Rg5+ {[%emt 0:00:07]} 1-0

[Event "UZB-ch Women 2020"]
[Site "Tashkent"]
[Date "2020.03.14"]
[Round "3.4"]
[White "Baymuratova, Sevara"]
[Black "Khegay, Yuliya"]
[Result "0-1"]
[WhiteElo "2153"]
[BlackElo "1798"]
[Annotator "TA"]
[PlyCount "118"]
[EventDate "2020.03.11"]
[EventType "tourn"]
[EventCountry "UZB"]
[SourceTitle "playchess.com"]
[Source "ChessBase"]
[SourceQuality "1"]

{[%evp 10,118,33,18,2,0,9,-25,-19,-41,-28,-28,-27,-25,-28,-23,-29,-27,-16,-32,-21,-37,-35,-37,-30,-58,-60,-60,-52,-59,-41,-78,-91,-101,-66,-95,-104,-108,0,-85,0,-101,0,-135,0,-152,-108,-199,-201,-194,-192,-224,-226,-223,-195,-348,-340,-334,-322,-331,-300,-289,-258,-276,-233,-214,-220,-331,-341,-290,-220,-220,-230,-234,-158,-386,-386,-383,-372,-392,-381,-839,-775,-1294,-237,-232,-241,-234,-171,-256,-258,-273,-280,-599,-591,-579,-576,-584,-578,-658,-637,-694,-678,-666,-683,-29965,-29965,-29967,-29971,-29973,-29970]} 1. c4 e5 2. g3 Nf6 3. Bg2 c6 4. d4 Bb4+ 5. Bd2 Bxd2+ 6. Qxd2 ({But not} 6. Nxd2 exd4 7. Ngf3 c5 $15) 6... d6 {A20: English Opening: 1...e5.} 7. dxe5 dxe5 8. Qc3 (8. Nf3 {is interesting.} Qe7 9. O-O O-O 10. Rd1 Bg4 11. Nc3) 8... Qe7 {Black has an edge.} 9. Nd2 O-O {[#]} 10. Ngf3 $146 ({Predecessor:} 10. e4 Nbd7 11. Ngf3 a5 12. O-O Re8 13. Rac1 Nc5 14. Rfe1 Bg4 15. Re3 Qc7 16. Ne1 {0-1 (65) Kock,W (2008)-Unteregge,M (1967) Nordrheinwestfalen 2013}) 10... e4 11. Nd4 c5 12. Nc2 Nc6 13. O-O Bf5 14. Ne3 Bg6 15. Nb3 Rad8 16. Rfd1 {Black should prevent Nd5.} b6 17. a4 a5 18. Rac1 h6 19. Bh3 Nb4 {aiming for ...Na2.} 20. Rxd8 Rxd8 21. Qe1 Qe8 22. Ra1 Qe5 23. Rb1 Qe8 24. Ra1 Qe5 25. Rb1 $1 Qe8 26. Ra1 {[#]} Qe5 (26... Bh5 $1 $17 27. Rd1 Rb8) 27. Qc1 $2 ({Only move:} 27. Rb1 $1 $11) 27... Qh5 28. Bf1 (28. Qf1 $17) 28... Ng4 $19 29. Nxg4 Qxg4 30. Nd2 Qd7 31. Nb1 {[#]} e3 $1 {[%mdl 512]} 32. Nc3 $2 (32. fxe3 Qg4 33. Nc3) (32. Qxe3 Nc2) 32... exf2+ 33. Kxf2 Nc2 34. Ra2 Qd4+ 35. e3 Qf6+ 36. Kg1 Qe6 37. Nd5 Nb4 38. Nxb4 (38. Nf4 $142 Qd7 39. Ra1) 38... cxb4 ({Don't take} 38... axb4 39. Ra1 $19) 39. b3 Re8 40. Re2 Qe4 41. Qd2 Qd3 42. Qb2 $2 {This costs White the game.} (42. Qxd3 $17 Bxd3 43. Rd2 Bxf1 44. Kxf1) 42... Rxe3 43. Rd2 Qxb3 44. Rd8+ {[#]} Kh7 $1 45. Qd4 $2 (45. Qxb3 Rxb3 46. Rd6) 45... Re6 46. Rb8 Qe3+ $2 (46... Re1 47. Qf2 Qb1) 47. Qxe3 Rxe3 48. Rxb6 {[%mdl 4096] Endgame KRB-KRB} Rc3 49. Rb5 (49. Kf2 {is a better defense.}) 49... b3 50. c5 Be4 51. Kf2 $2 (51. Rb6) 51... Rf3+ 52. Ke2 {[#]} Rxf1 $1 {[%mdl 512]} 53. Rxb3 {KRB-KR} (53. Kxf1 Bd3+) 53... Ra1 54. Rc3 Bc6 55. Kd3 Rxa4 56. Rb3 Rb4 57. Rxb4 axb4 {Black mates.} 58. Kc4 f5 59. Kxb4 g5 {Accuracy: White = 48%, Black = 79%.} 0-1

[Event "UZB-ch Women 2020"]
[Site "Tashkent"]
[Date "2020.03.14"]
[Round "3.5"]
[White "Kurbonboeva, Sarvinoz"]
[Black "Gevorgyan, Irina"]
[Result "1/2-1/2"]
[WhiteElo "2234"]
[BlackElo "2245"]
[Annotator "TA"]
[PlyCount "34"]
[EventDate "2020.03.11"]
[EventType "tourn"]
[EventCountry "UZB"]
[SourceTitle "playchess.com"]
[Source "ChessBase"]
[SourceQuality "1"]

{[%evp 23,34,29,37,5,2,8,31,15,21,11,10,-8,0]} 1. d4 d5 2. c4 e6 3. Nc3 c6 4. Nf3 Nf6 5. Bg5 Nbd7 6. cxd5 exd5 7. e3 Be7 8. Qc2 O-O 9. Bd3 Re8 10. O-O Nf8 11. Rab1 Ne4 12. Bxe7 Qxe7 13. Nd2 {D36: Queen's Gambit Declined: Exchange Variation: Main line (5 Bg5 c6 6 Qc2).} Nxd2 14. Qxd2 Qg5 {[#]} 15. Ne2 $146 ({Predecessor:} 15. f4 Qf6 16. f5 h6 17. Qf2 Nh7 18. e4 dxe4 19. Nxe4 Qd8 20. Rbe1 Bd7 21. Bc4 {1-0 (38) Bahlke,P (2056)-Goll,C (2114) Germany 2012}) 15... Bf5 {The position is equal.} 16. Bxf5 Qxf5 17. Nf4 Ne6 {Not much happened in this game.} 1/2-1/2

[Event "UZB-ch Women 2020"]
[Site "Tashkent"]
[Date "2020.03.14"]
[Round "4.1"]
[White "Khamdamova, Afruza"]
[Black "Gevorgyan, Irina"]
[Result "1/2-1/2"]
[WhiteElo "1809"]
[BlackElo "2245"]
[Annotator "TA"]
[PlyCount "68"]
[EventDate "2020.03.11"]
[EventType "tourn"]
[EventCountry "UZB"]
[SourceTitle "playchess.com"]
[Source "ChessBase"]
[SourceQuality "1"]

{[%evp 13,68,16,65,47,55,38,43,39,75,62,81,91,84,72,85,60,54,35,64,71,103,60,102,83,95,35,45,45,39,3,27,-19,-26,-18,-26,-88,-69,-69,-66,-69,-67,-75,-58,-115,-90,-84,-93,-86,-56,-97,-87,-93,-94,-92,0,-20,0]} 1. e4 c5 2. Nf3 e6 3. d4 cxd4 4. Nxd4 a6 5. c4 Nf6 6. Nc3 Qc7 7. a3 {7.Be2 is more advanced technology. Played by Quang Liem Le in November 2019.} d6 8. Bd3 {B41: Sicilian: Kan Variation: 5 c4.} Nbd7 9. f4 {[#]} Be7 $146 ({Predecessor:} 9... b6 10. Qe2 Bb7 11. f5 e5 12. Nc2 Nc5 13. Bg5 Rc8 14. Bxf6 gxf6 15. Ne3 Nxd3+ 16. Qxd3 Bh6 17. Ng4 Bg7 18. Rd1 Qxc4 19. Qxd6 {1-0 (19) Joksic,S (2360)-Vujovic,M (2265) Venice 1980}) 10. O-O {White is slightly better.} h5 11. h3 b6 12. Be3 Bb7 13. f5 e5 14. Nf3 Nc5 {[%cal Rf6e4]} 15. Qc2 Rc8 16. Nd2 $1 Qd8 17. b4 Ncd7 18. Qb3 O-O 19. Nf3 ({White should try} 19. Rfd1 $16) 19... b5 $14 20. cxb5 axb5 21. Nd2 d5 $1 {[%cal Rd5d4] [#] ...d4 is the strong threat.} 22. Nxd5 (22. Nxb5 {seems wilder.} dxe4 23. Be2 Nd5 24. Nxe4 Nxe3 25. Qxe3 Bxe4 26. Qxe4 Qb6+ 27. Kh1) 22... Nxd5 23. exd5 Nf6 24. Be4 (24. d6 $11 Qxd6 25. Bxb5) 24... Nxe4 ({Much weaker is} 24... Nxd5 25. Bf2 $11) 25. Nxe4 {[#] Black must now prevent f6!} Bxd5 26. Qd3 Bc4 27. Qxd8 Rfxd8 28. Rf2 ({White should play} 28. f6 $15 gxf6 29. Bb6) 28... f6 29. Bc5 Bxc5 30. Nxc5 h4 31. Rb2 Rd4 32. a4 bxa4 33. Rxa4 Bd5 (33... Rd1+ $17 34. Kh2 Rf1) 34. Ra1 Bc4 {Accuracy: White = 62%, Black = 68%.} 1/2-1/2

[Event "UZB-ch Women 2020"]
[Site "Tashkent"]
[Date "2020.03.14"]
[Round "4.2"]
[White "Khegay, Yuliya"]
[Black "Kurbonboeva, Sarvinoz"]
[Result "1/2-1/2"]
[WhiteElo "1798"]
[BlackElo "2234"]
[Annotator "TA"]
[PlyCount "99"]
[EventDate "2020.03.11"]
[EventType "tourn"]
[EventCountry "UZB"]
[SourceTitle "playchess.com"]
[Source "ChessBase"]
[SourceQuality "1"]

{[%evp 19,99,77,104,118,108,75,94,18,22,22,39,12,54,35,82,-33,87,0,40,35,51,10,6,-11,-17,-16,0,-35,-18,-77,-73,-84,-79,-106,-86,-127,-126,-119,-109,-199,-130,-145,-134,-147,-141,-331,-144,-250,-10,-20,25,5,80,79,85,77,129,110,130,70,68,76,78,71,347,357,337,333,374,374,374,374,370,333,313,0,0,0,253,0,0,0]} 1. e4 c5 2. Nf3 d6 3. d4 cxd4 4. Nxd4 Nf6 5. Nc3 e6 6. g4 Nc6 7. g5 Nd7 8. Be3 Be7 9. h4 a6 10. Qd2 Qc7 11. O-O-O {B81: Sicilian Scheveningen: Keres Attack.} b5 {[%cal Bb7b5,Bb5b4][%mdl 32]} 12. f4 Bb7 13. Rg1 {[#]} (13. Nxc6 $16 Bxc6 14. Bg2) 13... b4 $146 {...Nxd4 is the strong threat.} ({Predecessor:} 13... Nc5 14. Bg2 Na5 15. a3 e5 16. Kb1 exd4 17. Bxd4 Nc4 18. Qf2 Ne6 19. f5 Nxd4 20. Qxd4 {½-½ (33) Varsha,R (1814)-Meenatchi Rajam,V (1564) Tiruchengode 2019}) 14. Nce2 Nxd4 15. Qxd4 (15. Bxd4 {is interesting.} Rc8 16. Ng3 e5 17. Be3 Nc5 18. Bxc5 dxc5 19. fxe5 O-O 20. Qd7) 15... e5 (15... Rc8 {feels hotter.} 16. Rd2 e5 17. Qxb4 d5 18. Qc3 d4) 16. Qd2 Nc5 {White must now prevent ...b3.} 17. Bxc5 (17. Qxb4 $16 d5 18. Qc3) 17... Qxc5 (17... dxc5 $15 {keeps the upper hand.} 18. fxe5 Rd8) 18. Bg2 (18. fxe5 $16 Rd8 19. e6) 18... O-O-O 19. Kb1 Kb8 20. Nc1 a5 21. Rgf1 f6 22. Nd3 Qc4 23. Nf2 exf4 24. Qxf4 (24. gxf6 $1 $11 Bxf6 25. Qxf4) 24... fxg5 $17 25. hxg5 Rhf8 26. Qe3 Rc8 27. Rc1 Qc5 28. Qe2 Bxg5 29. Rcd1 (29. Rce1 $17) 29... Ka7 (29... Qe3 $1 $19 {[%cal Re3e2]} 30. Qxe3 Bxe3) 30. Bh3 Rce8 31. Nd3 {[#]} Qe3 $1 {[%cal Re3e2]} 32. Qh5 $2 (32. Qh2 $17 Rxf1 33. Rxf1) 32... h6 ({Don't blunder} 32... Bxe4 $2 33. Rfe1 $16) (32... g6 $19 33. Qxh7 Rxf1 34. Rxf1 Re7 35. Qxg6 Qxh3) 33. Rde1 (33. Rxf8 $17 Rxf8 34. Re1) 33... Qg3 $2 (33... g6 $19 34. Rxf8 gxh5 35. Rxe3 Rxf8) 34. Bf5 $1 $11 Qh4 35. Qg6 {[%mdl 64] With the idea Rh1. Double Attack} Bf6 (35... Bd8 $1 $11) 36. Qg1+ $16 {[%mdl 1024] White has strong compensation.} Kb8 37. Rf4 Qg5 {[#]} ({Black should try} 37... Qh5) 38. Rg4 $1 $36 {[%cal Rg4g5][%mdl 2048] Black is under strong pressure.} ({Stronger than} 38. Qb6 Bd8 $15) 38... Qh5 39. Bg6 (39. Qb6 $16) 39... Qb5 $14 40. Bxe8 Rxe8 41. Qg3 Qb6 $2 {[%mdl 8192]} (41... Re6 $16 {was called for.}) 42. e5 $18 dxe5 43. Nxe5 {White threatens Nd7+ and mate.} Ka7 44. Nd7 $1 {[%csl LRb6,LRe8]} Rxe1+ 45. Qxe1 Qd6 46. Qe3+ Ka8 {Hoping for ...Qd1+.} 47. Qe8+ Ka7 {[%cal Rd6d1]} 48. Qe3+ Ka8 {Threatens to win with ...Qd1+.} 49. Qe8+ $2 (49. Nxf6 $18 Qxf6 50. Rf4) 49... Ka7 $11 {[%cal Rd6d1]} 50. Qe3+ {What a bad dream for Black. Accuracy: White = 42%, Black = 51%.} 1/2-1/2

[Event "UZB-ch Women 2020"]
[Site "Tashkent"]
[Date "2020.03.14"]
[Round "4.3"]
[White "Saparova, Sitora"]
[Black "Baymuratova, Sevara"]
[Result "1/2-1/2"]
[WhiteElo "1972"]
[BlackElo "2153"]
[Annotator "TA"]
[PlyCount "68"]
[EventDate "2020.03.11"]
[EventType "tourn"]
[EventCountry "UZB"]
[SourceTitle "playchess.com"]
[Source "ChessBase"]
[SourceQuality "1"]

{[%evp 20,68,27,26,25,20,23,20,62,49,152,47,50,47,101,15,85,18,67,69,97,85,88,-23,-16,-17,37,43,53,34,35,-6,-6,-3,-3,-16,-10,-10,-11,-18,-6,-4,0,0,0,-10,0,0,0,-23,0]} 1. Nf3 d5 2. g3 Nf6 3. Bg2 Bg4 4. d4 c6 5. O-O Nbd7 6. Nbd2 e6 7. Re1 Be7 8. e4 O-O 9. c3 dxe4 10. Nxe4 Nxe4 11. Rxe4 Bf5 {D02: 1 d4 d5 2 Nf3 sidelines, including 2...Nf6 3 g3 and 2...Nf6 3 Bf4.} 12. Re1 Qb6 13. Qe2 Nf6 {The position is equal.} 14. Ne5 {[#]} Rad8 $146 {[#]} (14... h6 $14) ({Predecessor:} 14... h6 15. Bf4 Rfe8 16. g4 Bh7 17. h4 Nd5 18. Bg3 Qd8 19. h5 Bg5 20. Qf3 Rf8 {1-0 (65) Hinduja,R (1867)-Nimmy,A (2118) Mapusa 2014}) 15. h4 (15. g4 $1 $16 {[%cal Rg4f5]} Bg6 16. h4) 15... h5 16. Bg5 c5 {[#]} (16... Rfe8 $14) 17. Be3 (17. dxc5 $1 $16 Bxc5 18. b4) 17... Qc7 (17... Ng4 $1 $11) 18. Rad1 ({White should try} 18. Bf3 $16) 18... a6 19. Bf4 {Black must now prevent Nxf7!} Qb6 {[%cal Rc5d4]} 20. dxc5 Bxc5 21. Bg5 (21. b4 $16 Be7 22. a4) 21... Rxd1 $11 22. Rxd1 {Threatens to win with Bxf6.} Bg4 (22... Ng4 $11 23. Nd7 Bxf2+ {[%mdl 64] Double Attack} 24. Kh1 Qc7) 23. Bf3 $14 Bxf3 24. Qxf3 Ng4 $1 {[%cal Rg4f2]} 25. Nd7 Bxf2+ 26. Kg2 $1 $132 {[%mdl 2048] White is not holding back} ({Reject} 26. Kh1 Qxb2 27. Nxf8 Be3 $17) 26... Qxb2 27. Rd2 {[#]} Qb1 $1 28. Rd1 $1 {[%cal Rd1b1]} Qxa2 29. Rd2 {[#]} Qb1 $1 30. Rd1 Qb2 31. Rd2 {[#]} Qb1 $1 32. Rd1 Qb2 33. Rd2 {[#]} Qb1 $1 {( -> ...Qg1+)} 34. Rd1 Qb2 {Accuracy: White = 60%, Black = 61%.} 1/2-1/2

[Event "UZB-ch Women 2020"]
[Site "Tashkent"]
[Date "2020.03.14"]
[Round "4.4"]
[White "Narzikulova, Gulhae"]
[Black "Omonova, Umida"]
[Result "0-1"]
[WhiteElo "1837"]
[BlackElo "1852"]
[Annotator "NA RC"]
[PlyCount "60"]
[EventDate "2020.03.11"]
[EventType "tourn"]
[EventCountry "UZB"]
[SourceTitle "playchess.com"]
[Source "ChessBase"]
[SourceQuality "1"]
[TimeControl "5400+30"]

1. d4 {[%emt 0:00:00]} d5 {[%emt 0:01:53]} 2. Nf3 {[%emt 0:00:00]} Nf6 {[%emt 0:00:16]} 3. e3 {[%emt 0:00:02]} c5 {[%emt 0:00:14]} 4. Bd3 {[%emt 0:01:05]} Nc6 {[%emt 0:02:14]} 5. Nbd2 {[%emt 0:00:54]} e6 {[%emt 0:01:29]} 6. O-O {[%emt 0:02:22]} Bd6 {[%emt 0:00:52]} 7. c3 {[%emt 0:00:46]} O-O {[%emt 0:01:53]} 8. dxc5 {[%emt 0:01:28]} Bxc5 {[%emt 0:00:29]} 9. b4 {[%emt 0:00:05]} Bd6 {[%emt 0:01:32]} 10. Bb2 {[%emt 0:00:06]} e5 {[%emt 0:08:21] D05: Colle System with ...e6.} 11. e4 {[%emt 0:01:09]} Bg4 {[%emt 0:02:06]} 12. h3 {[%emt 0:08:08] 12.Re1 gains popularity.} Be6 {[%emt 0:05:39] [#]} 13. Ng5 $146 {[%emt 0:03:49]} ({Predecessor:} 13. Re1 h6 14. exd5 Nxd5 15. Ne4 Be7 16. b5 Nf4 17. Bf1 Na5 18. Nxe5 Qxd1 19. Raxd1 {½-½ (36) Pasta,P (2112)-Dugo,I ICCF email 2011}) 13... h6 {[%emt 0:01:57]} 14. exd5 {[%emt 0:06:52]} Bxd5 {[%emt 0:02:10]} 15. Nge4 {[%emt 0:00:36]} Nxe4 {[%emt 0:02:18]} 16. Bxe4 {[%emt 0:05:47]} Be6 {[%emt 0:04:43]} 17. Nf3 {[%emt 0:00:16]} Qc7 {[%emt 0:00:47]} 18. Re1 {[%emt 0:04:40]} Rfd8 {[%emt 0:04:45]} 19. Qe2 {[%emt 0:01:07]} Ne7 {[%emt 0:01:37]} 20. Rad1 {[%emt 0:09:31]} f5 {[%emt 0:05:27]} 21. Bb1 {[%emt 0:03:30]} Bc4 {[%emt 0:01:16]} 22. Qc2 $1 {[%emt 0:08:34]} (22. Bd3 $2 Bxd3 23. Rxd3 e4 $17 {[%mdl 64] Double Attack}) 22... e4 {[%emt 0:05:16]} 23. Nd2 {[%emt 0:02:46]} Bf7 {[%emt 0:01:22]} 24. Ba1 {[%emt 0:08:11]} ({Better is} 24. Nf1 $15) 24... Ng6 {[%emt 0:02:32]} 25. Nb3 {[%emt 0:08:10]} Qe7 {[%emt 0:03:05]} 26. f3 $19 {[%emt 0:03:55]} (26. Nd4 Qg5 27. Nxf5 Qxf5 28. Qxe4 Qxe4 29. Bxe4) 26... Qg5 {[%emt 0:07:03]} 27. Rxd6 {[%emt 0:00:41]} Rxd6 {[%emt 0:00:28]} 28. fxe4 {[%emt 0:00:18]} Bxb3 {[%emt 0:02:29]} 29. Qxb3+ {[%emt 0:00:03]} Kh8 {[%emt 0:00:01]} 30. exf5 {[%emt 0:00:46]} Qg3 {[%emt 0:01:07]} 0-1

[Event "UZB-ch Women 2020"]
[Site "Tashkent"]
[Date "2020.03.14"]
[Round "4.5"]
[White "Yakubbaeva, Nilufar"]
[Black "Abdusattorova, Bakhora"]
[Result "1-0"]
[WhiteElo "2265"]
[BlackElo "2094"]
[Annotator "TA"]
[PlyCount "93"]
[EventDate "2020.03.11"]
[EventType "tourn"]
[EventCountry "UZB"]
[SourceTitle "playchess.com"]
[Source "ChessBase"]
[SourceQuality "1"]

{[%evp 16,93,7,-10,-1,0,-5,-69,-73,-89,-68,-54,-62,-57,-57,-67,-70,-71,-20,-23,-15,-20,0,-15,-19,-18,-11,-15,0,0,0,0,20,20,27,27,48,48,41,30,52,50,55,54,60,40,44,41,102,102,266,237,559,547,581,529,514,427,1101,1081,1213,1141,1189,1120,1126,1055,1617,1570,29967,11757,12839,5174,29975,29976,29975,29976,29978,29979,29972,29962]} 1. d4 Nf6 2. Nf3 d5 3. e3 Bg4 4. c4 e6 5. Nc3 c6 6. Bd3 Nbd7 7. O-O Bd6 8. e4 dxe4 9. Nxe4 Nxe4 {D04: Colle System.} 10. Bxe4 Nf6 11. Bc2 (11. Qd3 $11) 11... Bc7 $1 $15 {[#] Black is slightly better.} 12. g3 $146 ({Predecessor:} 12. Be3 Qd6 13. g3 h5 14. Bf4 Qd7 15. Bxc7 Qxc7 16. Qd3 O-O-O 17. Rfd1 c5 18. Qc3 Bxf3 19. Qxf3 Rxd4 20. Rxd4 cxd4 {0-1 (45) Chiang,S (2056)-Goryachkina,A (2313) Caldas Novas 2011}) 12... Bxf3 13. Qxf3 Qxd4 14. Qb3 O-O-O 15. Be3 Qg4 16. Kg2 {[#]} Qh5 (16... Bb6 $1 $17 {[%mdl 512]}) 17. Bxa7 $11 Qa5 18. Be3 h5 19. h4 Ng4 20. Rad1 Rxd1 21. Rxd1 Rd8 22. Rxd8+ Bxd8 23. Bd4 Qd2 24. Qd3 Qxd3 25. Bxd3 Bf6 26. Bxf6 Nxf6 $14 {[%mdl 4096] Endgame KB-KN} 27. Kf3 Ng4 28. c5 $1 Kd7 29. a4 Nf6 30. Bc4 Nd5 31. Ke4 Kc7 ({Black should play} 31... f6 $14) 32. Be2 $16 b6 $2 {Now Black is done in.} (32... g6 $16) 33. cxb6+ Kxb6 $2 (33... Nxb6 {is a better chance.} 34. Bxh5 Nxa4) 34. Ke5 $18 Ka5 35. Kd6 Kxa4 36. Kxc6 Kb3 (36... Nf6 $142 37. Kd6 Ne4+ 38. Ke7 Nxf2 39. Bxh5 Ne4 40. Bxf7 e5) 37. Bxh5 g6 38. Bf3 Nb4+ 39. Kd6 Nd3 40. Ke7 Kxb2 41. Be2 Nxf2 42. Kxf7 Ne4 {[#]} 43. g4 $1 Ng3 44. Bf3 {White mates.} Kc3 45. Kxg6 Kd4 46. h5 e5 47. h6 {Accuracy: White = 96%, Black = 55%.} 1-0